にじさんじライバー1字決まり - Statistics

General Stats
  • This quiz has been taken 20 times
    13 since last reset
  • The average score is 17 of 67
Answer Stats
Hint Answer % Correct
加賀美ハヤト
86%
梢桃音
71%
桜凛月
71%
夜牛詩乃
71%
ラトナ・プティ
57%
健屋花那
57%
轟京子
57%
赤城ウェン
57%
3 社築
43%
4 舞元啓介
43%
8 宇志海いちご
43%
V 樋口楓
43%
使 魔使マオ
43%
夢追翔
43%
五木左京
43%
でびでび・でびる
43%
伊波ライ
43%
エリー・コニファー
29%
酒寄颯馬
29%
レイン・パターソン
29%
雨森小夜
29%
来栖夏芽
29%
オリバー・エバンス
29%
葛葉
29%
ニュイ・ソシエール
29%
アルス・アルマル
29%
石神のぞみ
29%
宇佐美リト
29%
北小路ヒスイ
29%
小野町春香
29%
星導ショウ
14%
ベルモンド・バンデラス
14%
リゼ・ヘルエスタ
14%
アンジュ・カトリーナ
14%
緋八マナ
14%
愛園愛美
14%
珠乃井ナナ
14%
える
14%
ルイス・キャミー
14%
戌亥とこ
14%
不破湊
14%
ましろ爻
14%
竜胆尊
14%
一橋綾人
14%
渚トラウト
14%
天ヶ瀬むゆ
14%
周央サンゴ
14%
綺沙良
14%
赤羽葉子
14%
白雪巴
14%
雲母たまこ
14%
先斗寧
14%
四季凪アキラ
14%
佐伯イッテツ
14%
葉加瀬冬雪
14%
ローレン・イロアス
14%
司賀りこ
14%
フレン・E・ルスタリオ
14%
ルンルン
0%
早瀬走
0%
雪城眞尋
0%
七瀬すず菜
0%
倉持めると
0%
立伝都々
0%
十河ののは
0%
蝸堂みかる
0%
水面まどか
0%
No matching quizzes found
Score Distribution
Percent of People with Each Score
Percentile by Number Answered
Your Score History
You have not taken this quiz since the last reset